Normal view
MARC view
Entry Topical Term
001 - CONTROL NUMBER
- control field: 13462
003 - CONTROL NUMBER IDENTIFIER
- control field: BD-RjUL
005 - DATE AND TIME OF LATEST TRANSACTION
- control field: 20240903110630.0
008 - FIXED-LENGTH DATA ELEMENTS
- fixed length control field: 240903|| aca||aabn | a|a d
040 ## - CATALOGING SOURCE
- Original cataloging agency: BD-RjUL
- Transcribing agency: BD-RjUL
150 ## - HEADING--TOPICAL TERM
- Topical term or geographic name entry element: Fisheries
- Form subdivision: Carp Culture
670 ## - SOURCE DATA FOUND
- Source citation: Work cat.: (BD-RjUL)83970: Mohsin, A. B. M. 13461, Status of Carp Culture in Rajshahi and Natore Area /, 2009